000 00542nam a2200181Ia 4500
003 GCL
008 140319s9999 xx 000 0 ara d
040 _aGCL /
_cGCL
082 0 4 _aط
_b813.087
_bس ر
100 1 _aسمير عبدالباقى
245 1 0 _aرساله الى الشمس وحكايات اخرى /
_cسمير عبدالباقى
300 _a144 ص
490 _aعالم الحكايات
_v0
650 0 4 _aالادب العربى
650 0 4 _aادب الاطفال
650 0 4 _aالاطفال - قصص
942 _2ddc
_cBK
999 _c46745
_d46745